[Event "8th Sharjah Masters 2025"]
[Site "Sharjah UAE"]
[Date "2025.05.22"]
[Round "6.2"]
[White "Maghsoodloo, Parham"]
[Black "Giri, A."]
[Result "0-1"]
[WhiteElo "2706"]
[BlackElo "2738"]
[PlyCount "70"]
[EventDate "2025.05.17"]

1. d4 d5 2. c4 c6 3. Nf3 Nf6 4. e3 e6 5. Nbd2 Be7 6. Bd3 O-O 7. O-O Nbd7 8. Qc2 h6 ({RR} 8... b6 9. e4 dxe4 10. Nxe4 Bb7 11. Nxf6+ Nxf6 12. c5 bxc5 13. dxc5 Qd5 14. Be3 a5 15. Rfe1 Ba6 16. Bxa6 Rxa6 17. Bd4 Ra7 18. Rad1 Qxa2 19. Ne5 Rc8 20. Nc4 Rb8 21. Nb6 e5 22. Bxe5 Re8 23. Bxf6 {Nakamura,H (2736)-Tin,J (2482) Chess.com INT 2021 1-0}) ({RR} 8... dxc4 9. Nxc4 Nb6 10. b3 Nbd5 11. a3 Qc7 12. Bb2 a6 13. Nce5 Nd7 14. Nxd7 Bxd7 15. Ne5 g6 16. Qe2 f6 17. Nxd7 Qxd7 18. f4 Bd6 19. g3 Rae8 20. e4 Nc7 21. Qg2 e5 22. Bc4+ Kh8 23. fxe5 {Lajo Timoteo,D (1815)-Akshaya Sathi (2044) chess.com INT 2026 0-1 (39)}) 9. Rd1 c5 $146 ({RR} 9... Qc7 10. e4 dxe4 11. Nxe4 Nxe4 12. Bxe4 e5 13. Nxe5 Nxe5 14. dxe5 Qxe5 15. Re1 Qc7 16. Bd2 Bf6 17. Bc3 Bxc3 18. Qxc3 Be6 19. Re3 Rad8 20. Rae1 Qd6 21. Rd3 Qc5 22. b3 Rxd3 23. Bxd3 Rd8 24. h3 {Antal,T (2358)-Jia,H (2363) Kecskemet 2013 ½-½}) ({RR} 9... b6 10. e4 dxe4 11. Nxe4 Bb7 12. Bf4 Nxe4 13. Bxe4 Nf6 14. Ne5 Qc8 15. c5 bxc5 16. dxc5 Bxc5 17. Bf3 Nd5 18. Qxc5 Nxf4 19. Rd6 Nd5 20. Nxc6 Bxc6 21. Rxc6 Qb7 22. b3 Rac8 23. Bxd5 exd5 24. Rc1 {Andres Gonzalez,I (2331)-Arauz Alonso,F (2123) Torres Vedras 2011 ½-½ (83)}) 10. dxc5 Nxc5 11. Be2 b6 12. a3 Bb7 13. b4 Ncd7 14. cxd5 Nxd5 15. Bb2 Rc8 16. Qb3 Qc7 17. Bb5 N5f6 18. Rac1 Qb8 19. Qa4 Rxc1 20. Rxc1 Rd8 21. h3 a5 22. bxa5 Nc5 23. Rxc5 bxc5 24. a6 Ba8 25. Nc4 Nd5 26. Nfe5 Nb6 27. Nxb6 Qxb6 28. Nc4 Qa7 29. Bc3 Bf6 30. Ba5 Rb8 31. Nd6 Be5 32. Nc4 Qxa6 33. Nb6 Qa7 34. Bd3 Bc7 35. Nc4 Bd5 0-1

[Event "TUR-chT"]
[Site "Izmir"]
[Date "2016.08.02"]
[Round "9.6"]
[White "Ipatov, Alexander"]
[Black "Rakhmanov, Alexander"]
[Result "1/2-1/2"]
[WhiteElo "2657"]
[BlackElo "2653"]
[PlyCount "69"]
[EventDate "2016.07.25"]
[EventType "team-swiss"]
[EventRounds "13"]
[EventCountry "TUR"]
[SourceTitle "CBM 173 Extra"]
[Source "ChessBase"]
[SourceDate "2016.08.29"]
[SourceVersion "1"]
[SourceVersionDate "2016.08.29"]
[SourceQuality "1"]
[WhiteTeam "Deniz Su Aquamatch"]
[BlackTeam "Tas Duvar"]
[WhiteTeamCountry "TUR"]
[BlackTeamCountry "TUR"]

1. d4 d5 2. c4 e6 3. Nf3 a6 4. Bg5 Be7 5. Bxe7 Qxe7 6. Nbd2 Nf6 7. Rc1 O-O 8. Qc2 ({RR} 8. g3 b6 9. Bg2 Bb7 10. O-O Rc8 11. Qb3 Nbd7 12. Rfd1 c5 13. cxd5 Bxd5 14. Qa3 Kf8 15. dxc5 Rxc5 16. Rxc5 Qxc5 17. b4 Qe7 18. Qb2 a5 19. bxa5 Rxa5 20. Nb3 Qa3 21. Qc3 Rc5 22. Qd2 Bxb3 {Deac,B (2680)-Nakamura,H (2802) chess.com INT 2024 0-1}) ({RR} 8. g3 c6 9. Bg2 Nbd7 10. O-O e5 11. cxd5 e4 12. d6 Qxd6 13. Nc4 Qe7 14. Nfe5 Rd8 15. Qc2 Nf8 16. Rfd1 Bf5 17. Ne3 Bg6 18. Rd2 Ne6 19. Rcd1 Nc7 20. Qc5 Qxc5 21. dxc5 Rxd2 22. Rxd2 Ne6 {Yakubboev,N (2689)-Le Tuan Minh (2585) Hong Kong HKG 2026 0-1 (49)}) ({RR} 8. g3 Rd8 9. Bg2 c5 10. dxc5 d4 11. b4 a5 12. a3 e5 13. Ng5 Ne8 14. Nge4 axb4 15. axb4 f5 16. Nd6 Nxd6 17. cxd6 Qxd6 18. c5 Qf6 19. Nc4 e4 20. O-O Be6 21. Nd6 Bd5 22. f3 e3 {Rakhmanov,A (2645)-Budisavljevic,L (2454) Ruma 2020 1-0 (44)}) 8... Nc6 9. cxd5 $146 ({RR} 9. e3 e5 10. dxe5 Nxe5 11. Nxe5 Qxe5 12. Nf3 Qe7 13. c5 Ne4 14. Bd3 Bd7 15. O-O Bb5 16. Bxb5 axb5 17. c6 bxc6 18. Qxc6 Rxa2 19. Qxb5 Qd6 20. Rfd1 Qb6 21. Qxb6 cxb6 22. Rc2 Rfa8 23. Kf1 Ra1 {Agdestein,S (2593)-Fava,L (2121) Barcelona ESP 2023 1-0 (71)}) ({RR} 9. e3 e5 10. dxe5 Nxe5 11. Nxe5 Qxe5 12. Nf3 Qe7 13. c5 Ne4 14. Bd3 Bd7 15. O-O Bb5 16. Bxb5 axb5 17. c6 bxc6 18. Qxc6 Rxa2 19. Qxb5 Qd6 20. Rfd1 Qb6 21. Qxb6 cxb6 22. Rc2 Rfa8 23. Kf1 Ra1 {Agdestein,S (2593)-Fava,L (2121) Barcelona ESP 2023 1-0 (71)}) 9... exd5 10. e3 Bg4 11. a3 Rfe8 12. h3 Bxf3 13. Nxf3 Na7 14. Bd3 c6 15. O-O Nb5 16. a4 Nd6 17. b4 Rac8 18. Nd2 Nde4 19. Bxe4 Nxe4 20. Nxe4 Qxe4 21. Qxe4 Rxe4 22. b5 axb5 23. axb5 f5 24. Rc3 f4 25. Ra1 fxe3 26. fxe3 Kf7 27. Ra5 Re7 28. bxc6 bxc6 29. Rac5 Rec7 30. Kf2 Ke6 31. e4 dxe4 32. Ke3 Kd6 33. Kxe4 Re8+ 34. Kd3 Rb8 35. Ke3 1/2-1/2

[Event "Lubbock SPICE Cup-A 5th"]
[Site "Lubbock"]
[Date "2011.10.16"]
[Round "2"]
[White "Meier, Georg"]
[Black "Le, Quang Liem"]
[Result "0-1"]
[WhiteElo "2648"]
[BlackElo "2717"]
[PlyCount "69"]
[EventDate "2011.10.15"]
[EventType "tourn"]
[EventRounds "10"]
[EventCountry "USA"]
[EventCategory "17"]
[SourceTitle "CBM 145"]
[Source "ChessBase"]
[SourceDate "2011.11.11"]
[SourceVersion "1"]
[SourceVersionDate "2011.11.11"]
[SourceQuality "1"]

1. Nf3 d5 2. d4 Nf6 3. c4 c6 4. e3 e6 5. b3 c5 6. cxd5 Nxd5 7. Bb2 cxd4 8. Nxd4 Be7 ({RR} 8... e5 9. Nf3 Nc6 10. Bc4 Bb4+ 11. Nbd2 Nb6 12. Bb5 Qd5 13. Bxc6+ bxc6 14. Bxe5 Bg4 15. Bc7 O-O 16. a3 Bxf3 17. axb4 Bxd1 {0-1 (17) So,W (2810)-Duda,J (2707) Leon 2017}) ({RR} 8... e5 9. Nf3 Nc6 10. Nbd2 f6 11. Rc1 Be6 12. Bc4 Qd7 13. O-O Be7 14. Ne4 Rd8 15. Qe2 O-O 16. Rfd1 Qc8 17. Bb5 Kh8 18. Nc5 Bxc5 19. Rxc5 Ndb4 20. Rxd8 Rxd8 21. a3 a6 22. Bc4 Bxc4 23. Rxc4 {Borowik,W (2204)-Lecki,L (2194) Bialystok POL 2025 0-1 (35)}) 9. Nd2 O-O 10. Rc1 $146 ({RR} 10. Bd3 Nd7 11. O-O Nc5 12. Bb1 Bd7 13. Qc2 g6 14. Ne4 Rc8 15. Qe2 Qb6 16. Qf3 Na4 17. Bc1 f5 18. bxa4 fxe4 19. Qh3 Nf4 20. Qg4 Nd3 21. Bc2 Rxc2 22. Nxc2 Bxa4 23. Nd4 Nc5 24. Ba3 e5 {Pashikian,A (2616)-Kalogeris,I (2368) Skopje 2019 1-0 (44)}) ({RR} 10. Bc4 Nb6 11. Bd3 N8d7 12. O-O Nc5 13. Bc2 Bd7 14. Qe2 Rc8 15. Rfd1 Qc7 16. Rac1 Qb8 17. Qg4 g6 18. N4f3 Nd5 19. Nc4 h5 20. Qh3 e5 21. Qg3 Nf4 22. Rd2 h4 23. Nxh4 Nh5 24. Nxg6 Nxg3 {Dubov,D (2694)-Grinberg,E (2448) Caleta 2018 1-0}) 10... Bd7 11. Bc4 Nb6 12. Bd3 Nc6 13. Qh5 f5 14. N2f3 Bf6 15. O-O Nb4 16. Bb1 g6 17. Qh6 e5 18. Ne2 Qe7 19. Rfd1 Rad8 20. h4 Bb5 21. Nc3 e4 22. Ng5 Bd3 23. Na4 N6d5 24. Nh3 Bxb1 25. Rxb1 Bxh4 26. Nc5 Bf6 27. Bxf6 Nxf6 28. a3 Nbd5 29. b4 Nc3 30. Rxd8 Rxd8 31. Rf1 b6 32. Nb3 Ng4 33. Qg5 Qxg5 34. Nxg5 Ne2+ 35. Kh1 0-1

[Event "Titled Tue 11th Jun Late"]
[Site "chess.com INT"]
[Date "2024.06.11"]
[Round "7"]
[White "Paravyan, D."]
[Black "Andreikin, D."]
[Result "0-1"]
[WhiteElo "2610"]
[BlackElo "2729"]
[PlyCount "68"]
[EventDate "2024.06.11"]

1. d4 d5 2. c4 e6 3. Nf3 a6 4. Bg5 Be7 5. Bxe7 Qxe7 6. Nbd2 Nf6 7. g3 dxc4 8. Nxc4 Qb4+ ({RR} 8... b5 9. Na5 Qb4+ 10. Qd2 Qa4 11. a3 Ne4 12. Qb4 Qxb4+ 13. axb4 Nf6 14. Bg2 Nd5 15. Ne5 f6 16. Bxd5 exd5 17. Nd3 c6 18. Rc1 Kd7 19. f3 Re8 20. h4 Kc7 21. Nf4 Kd6 22. g4 Ra7 23. Kf2 {Lenderman,A (2570)-Andreikin,D (2729) chess.com INT 2022 0-1 (76)}) ({RR} 8... b5 9. Na5 c5 10. dxc5 O-O 11. Qd6 Qa7 12. Rc1 Nbd7 13. Nc6 Qb7 14. Ne7+ Kh8 15. c6 Qb6 16. Qb4 Nd5 17. Nxd5 exd5 18. cxd7 Bxd7 19. Bg2 Rfe8 20. O-O Rxe2 21. Nd4 a5 22. Qc5 Qxc5 23. Rxc5 {Alonso Rosell,A (2562)-Andreikin,D (2729) chess.com INT 2024 0-1 (104)}) 9. Ncd2 $146 ({RR} 9. Nfd2 b5 10. a3 Qe7 11. Na5 O-O 12. Bg2 Ra7 13. Qc2 Rd8 14. Nf3 Nfd7 15. b4 e5 16. dxe5 c5 17. e6 fxe6 18. bxc5 Nxc5 19. Ne5 Rc7 20. Nec6 Qf6 21. O-O Nb7 22. Qb3 Nxc6 23. Nxc6 Rd6 {Schloffer,J (2168)-Sevcikova,L (2126) St. Veit an der Glan AUT 2026 1-0 (40)}) 9... Qxb2 10. Bg2 O-O 11. O-O Qb4 12. e3 Nc6 13. Qc2 Qe7 14. Rfc1 Rd8 15. Rab1 e5 16. Nxe5 Nxe5 17. dxe5 Qxe5 18. Nf3 Qa5 19. Qxc7 Rd1+ 20. Rxd1 Qxc7 21. Nd4 g6 22. h3 Rb8 23. Rdc1 Qe5 24. Rb6 Bd7 25. Rcb1 Kg7 26. Bxb7 Qa5 27. g4 h6 28. Kg2 Qxa2 29. R1b2 Qa5 30. R6b3 h5 31. f3 hxg4 32. hxg4 Qe5 33. Bxa6 Rxb3 34. Rxb3 Nd5 0-1

[Event "Clash of Claims 2024"]
[Site "Madrid ESP"]
[Date "2024.06.08"]
[Round "17"]
[White "Kramnik, V."]
[Black "Martinez Alcantara, Jose Eduardo"]
[Result "1-0"]
[WhiteElo "2753"]
[BlackElo "2612"]
[PlyCount "67"]
[EventDate "2024.06.07"]

1. d4 d5 2. c4 e6 3. Nf3 Nf6 4. g3 Bb4+ 5. Bd2 a5 6. Bg2 O-O 7. Qc2 Be7 8. O-O Nbd7 9. Rd1 ({RR} 9. Bg5 c6 10. Nbd2 h6 11. Bxf6 Nxf6 12. e3 Bd6 13. e4 dxe4 14. Nxe4 Nxe4 15. Qxe4 c5 16. dxc5 Bxc5 17. Rad1 Qb6 18. Qe2 Qc7 19. Ne5 Bd6 20. f4 a4 21. Kh1 Ra5 22. Ng4 Be7 23. Ne3 Bc5 {Kramnik,V (2753)-Martinez Alcantara,J (2612) Madrid ESP 2024 0-1 (84)}) 9... c6 10. Be1 $146 ({RR} 10. Na3 Ne4 11. Rac1 Bd6 12. Nb1 f5 13. Nc3 Qf6 14. Bf4 Bxf4 15. gxf4 Qh6 16. e3 Ndf6 17. a3 Bd7 18. b4 axb4 19. axb4 Be8 20. Ne5 Bh5 21. Re1 Kh8 22. Ra1 g5 23. Rxa8 Rxa8 24. Ne2 Qg7 {Degenbaev,A (2151)-Goryachkina,A (2557) chess.com INT 2023 0-1 (43)}) ({RR} 10. Bf4 b6 11. Ne5 Nxe5 12. dxe5 Nd7 13. cxd5 cxd5 14. e4 d4 15. Rxd4 g5 16. Bc1 Qe8 17. Qc6 Rb8 18. Nc3 Nxe5 19. Qc7 Nc6 20. e5 Bb7 21. Rc4 Bc5 22. Bxg5 Qc8 23. Bf6 Nd4 24. Qxc8 Rfxc8 {So,W (2757)-Caruana,F (2796) chess.com INT 2024 1-0 (31)}) ({RR} 10. Bf4 h6 11. a3 Nh5 12. Bc1 Nhf6 13. Nbd2 a4 14. e4 Qa5 15. e5 Ne8 16. cxd5 cxd5 17. Nb1 Nb6 18. Nc3 Bd7 19. h4 Rc8 20. h5 Nc4 21. Nh2 Nxa3 22. Qd3 Nc4 23. Ng4 Kh8 24. Nxa4 b5 {Jumabayev,R (2565)-Cordoba Roa,A (2334) chess.com INT 2026 1-0 (54)}) 10... b6 11. Nbd2 Bb7 12. e4 Rc8 13. e5 Ne8 14. Nf1 Nc7 15. Ne3 c5 16. Qe2 cxd4 17. Nxd4 Nxe5 18. Nxd5 exd5 19. Qxe5 Bf6 20. Qh5 g6 21. Qg4 Ba8 22. Bc3 Bg7 23. Ne2 h5 24. Qh3 Qe7 25. Bxg7 Kxg7 26. Nf4 Rcd8 27. cxd5 Qf6 28. Rd2 Nb5 29. Rad1 Nd6 30. Qh4 Qxh4 31. gxh4 Rfe8 32. Rc2 Re5 33. Rc7 Rf5 34. Ne6+ 1-0

[Event "Olympiad-41"]
[Site "Tromsoe"]
[Date "2014.08.12"]
[Round "10.2"]
[White "Radjabov, Teimour"]
[Black "Ponomariov, Ruslan"]
[Result "1/2-1/2"]
[WhiteElo "2724"]
[BlackElo "2717"]
[PlyCount "68"]
[EventDate "2014.08.02"]
[EventType "team-swiss"]
[EventRounds "11"]
[EventCountry "NOR"]
[SourceTitle "CBM 162"]
[Source "ChessBase"]
[SourceDate "2014.09.17"]
[SourceVersion "1"]
[SourceVersionDate "2014.09.17"]
[SourceQuality "1"]
[WhiteTeam "Azerbaijan"]
[BlackTeam "Ukraine"]
[WhiteTeamCountry "AZE"]
[BlackTeamCountry "UKR"]

1. d4 {Ribli,Zoltan} d5 2. c4 e6 3. Nf3 c6 4. Qc2 Nf6 5. g3 dxc4 6. Qxc4 b5 7. Qc2 Bb7 8. Bg2 Nbd7 9. a4 ({RR} 9. Ne5 Nxe5 10. dxe5 Nd5 11. O-O Be7 12. Rd1 Qb8 13. Nc3 O-O 14. Nxd5 cxd5 15. e4 Rc8 16. Qe2 dxe4 17. Bxe4 Bxe4 18. Qxe4 Rc4 19. Qf3 Qe8 20. Be3 Rc7) 9... c5 10. O-O ({RR} 10. dxc5 b4 11. O-O Bxc5) ({RR} 10. axb5 cxd4 11. O-O e5) 10... b4 11. Bg5 ({RR} 11. Nbd2 Rc8 12. Qd3 Be7 13. b3 O-O 14. Bb2 cxd4 15. Bxd4 Nc5 16. Qb1 Nce4 17. Nc4 Bc5 18. Bb2 Ng4 19. e3 Nexf2 20. Rxf2 Nxe3 21. Nxe3 Bxe3 22. Qe1 Qb6 23. Bc1 Bxf2+ 24. Qxf2 Qxf2+ 25. Kxf2 Rc2+ {Trimitzios,P (2216)-Senthil,M (2351) Thessaloniki 2025 0-1 (40)}) 11... Rc8 12. Nbd2 Be7 13. Rfc1 ({RR} 13. dxc5 Nxc5 14. Rfd1 O-O 15. Nb3 Bd5 16. Nxc5 Bxc5 17. Qd3 h6 18. Be3) 13... h6 $146 ({RR} 13... O-O 14. Qd3 h6 15. Bxf6 ({RR} 15. Be3) 15... Bxf6 16. e3 Rc7 17. Qe2 ({RR} 17. Ne4) 17... Qc8 18. Qb5 a6 19. Qf1 ({RR} 19. Qa5 Rc6 20. dxc5 Bxb2) 19... a5 20. b3 ({RR} 20. Nb3 Bd5 21. Nfd2 ({RR} 21. Nxa5 Qa8)) 20... Rd8 21. Qb5 Bc6 ({RR} 21... Qa8) 22. Qe2 ({RR} 22. Qxa5 Qb8 ({RR} 22... Qb7 23. Ne1 Bxg2 24. Nxg2 Ra8 25. Qb5 Qxb5 26. axb5 Rxa1 27. Rxa1 cxd4 28. Ne4) 23. Qa6) 22... Qb7 ({RR} 22... Nb6 23. Rxc5 Bxf3 24. Bxf3 Rxc5 25. dxc5 Bxa1 26. cxb6 Qc1+ 27. Nf1 Qc5 28. b7) 23. Nc4 Qa8 24. Ra2 cxd4 25. exd4 Bd5 26. Rac2 Rdc8 ({RR} 26... Be4) 27. Qd1 ({RR} 27. Nfe5 Bxg2 28. Nxd7 Bxd4 ({RR} 28... Rxd7 29. Nb6 Rxc2 30. Qxc2 Be4 31. Qe2) 29. Ncb6 Bxb6 30. Nxb6 Rxc2 31. Rxc2 Rxc2 32. Qxc2 Qb7) 27... Qa6 28. Nfe5 {Bruzon Batista,L (2652)-Anand,V (2786) Wijk aan Zee 2005 CBM 105 [Ribli,Zoltan] 0-1 (44)} ({RR} 28. Bf1 Qa7 29. Be2)) ({RR} 13... cxd4 14. Qd3) 14. Bxf6 Nxf6 15. Qd3 O-O 16. Ne5 Bxg2 17. Kxg2 Qd5+ 18. Ndf3 cxd4 19. Qb5 Qe4 20. Nc6 Nd5 21. Nxe7+ Nxe7 22. Rxc8 Nxc8 23. Rd1 Nd6 24. Qe5 Qxe5 25. Nxe5 f6 26. Ng6 Rb8 27. Rxd4 Rb6 28. a5 Ra6 29. Rxb4 Rxa5 30. Rb8+ Kf7 31. Nh8+ Ke7 32. Ng6+ Kf7 33. Nh8+ Ke7 34. Ng6+ Kf7 1/2-1/2

[Event "Biel GM 48th"]
[Site "Biel"]
[Date "2015.07.25"]
[Round "6"]
[White "Rapport, Richard"]
[Black "Wojtaszek, Radoslaw"]
[Result "0-1"]
[WhiteElo "2671"]
[BlackElo "2733"]
[Annotator "Pavlovic,Milos"]
[PlyCount "68"]
[EventDate "2015.07.20"]
[EventType "tourn"]
[EventRounds "10"]
[EventCountry "SUI"]
[EventCategory "19"]
[SourceTitle "CBM 168"]
[Source "ChessBase"]
[SourceDate "2015.09.14"]
[SourceVersion "1"]
[SourceVersionDate "2015.09.14"]
[SourceQuality "1"]

1. d4 Nf6 2. c4 e6 3. Nf3 d5 4. Bg5 Bb4+ 5. Nbd2 {This time we have a bit of an unusual gambit against the Ragosin Defence which could have occurred if White had opted for 5.c3. I seriously doubt such an idea; the game itself proves my point, Still such ideas can catch an unprepared opponent off guard. Probably Rapport was counting on that.} dxc4 6. Qc2 ({An interesting alternative was} 6. Qa4+ $5 Nc6 7. e3 Bd7 8. Qc2 b5 9. a3 Bxd2+ 10. Nxd2 e5 $1 (10... a6 11. b3 cxb3 12. Nxb3 O-O 13. Bd3 {would be very unpleasant for Black}) 11. dxe5 Nxe5 12. a4 h6 (12... c6 $5 13. Qc3 Qe7 14. Be2 h6 15. Bh4 O-O 16. Nf3 Nxf3+ 17. gxf3 g5 18. Bg3 Nd5 {a sharp position but it looks fine for Black}) 13. Bh4 O-O 14. axb5 Bxb5 15. Nxc4 Qe7 16. Nxe5 Qxe5 17. Bxf6 gxf6 18. Ra5 a6 19. Bc4 Kg7 20. O-O {½-½ (26) Dubov,D (2632)-Matlakov,M (2695) Jerusalem 2015. White has managed to get some pressure.}) 6... b5 7. a4 c6 8. Bxf6 {Using the fact that Black can't really recapture with the queen, thus trying to profit from the slightly damaged black structure.} ({An alternative is also playable:} 8. g3 Bb7 9. Bg2 Nbd7 10. Ne5 Qc8 11. O-O O-O 12. b3 c5 13. Bxb7 Qxb7 14. bxc4 Bxd2 15. Bxd2 b4 16. Nxd7 Qxd7 17. dxc5 a5 {0-1 (29) Krasenkow,M (2640)-Gajewski,G (2629) Warsaw 2014. Black is fine.}) 8... gxf6 9. g3 Bb7 10. Bg2 Nd7 11. O-O a5 ({Another perfectly ok idea was displayed in the following game:} 11... a6 12. b3 cxb3 13. Qxb3 Be7 14. Rfd1 O-O 15. Ne1 b4 16. a5 Qc7 17. Rdc1 c5 18. dxc5 Bxg2 19. Nxg2 Nxc5 (19... Rab8 $1 20. c6 Ne5 {with next fc8 was fine for Black.}) 20. Qxb4 Qd7 21. Qg4+ Kh8 22. Rd1 {1-0 (50) Cramling,P (2525)-Kosintseva,T (2496) Beijing (blitz) 2013. White keeps some edge here.}) 12. b3 cxb3 13. Nxb3 bxa4 14. Rxa4 Ba6 $146 (14... c5 15. dxc5 $5 (15. Nxc5 Nxc5 16. dxc5 Rc8 17. Rxb4 axb4 18. Qa4+ Bc6 19. Qxb4 O-O 20. Rc1 Rc7 21. Ne1 Bxg2 22. Nxg2 Rd7 23. Ne3 Rd4 24. Qc3 f5 {0-1 (56) Vovk,Y (2550)-Moiseenko,A (2679) Kiev 2011. White has some compensation here.}) 15... Rc8 16. Rd1 Qc7 17. Nfd4 Bxg2 18. Kxg2 Nxc5 19. Nxc5 Qxc5 20. Qxc5 Rxc5 21. Nb3 Rc2 22. e3 O-O 23. Nxa5 Bxa5 24. Rxa5 Rb8 {Black should be able to hold this, but precision play is necessary.}) ({RR} 14... O-O 15. Rd1 Ba6 16. Raa1 Bb5 17. Nc5 Qe7 18. Nxd7 Qxd7 19. Nd2 Bxe2 20. Ne4 Bxd1 21. Nxf6+ Kg7 22. Rxd1 Kxf6 23. Bxc6 Qd8 24. Qe4 Rc8 25. d5 Kg7 26. Bb7 Rb8 {0-1 (26) Arsovic,Z (2475)-Pavlovic,M (2537) Kavala 2008}) ({RR} 14... c5 15. Nxc5 Nxc5 16. dxc5 Rc8 17. Rxb4 axb4 18. Qa4+ Bc6 19. Qxb4 O-O 20. Rc1 Rc7 21. Ne1 Bxg2 22. Nxg2 Rd7 23. Ne3 Rd4 24. Qc3 f5 25. Kg2 Qd7 26. f3 Rd2 27. Kf2 Rc8 28. Ke1 Ra2 29. Nc2 {Vovk,Y (2550)-Moiseenko,A (2679) Kiev 2011 0-1 (56)}) 15. Ra2 {Over-ambitious I would say; White simply has to settle for a modest approach:} (15. Raa1 Bb5 16. Nc5 Nxc5 17. dxc5 O-O 18. Rfd1 Qe7 19. Nd4 Rad8 20. Nxc6 Bxc6 21. Bxc6 {with good chances to take a draw.}) 15... Bb5 16. Rfa1 O-O 17. Nc1 Rc8 18. Nd3 Bxd3 19. Qxd3 c5 {Black has remained a pawn up and managed to get rid of the bad c-pawn. Quite simply, Black is looking for an advantage.} 20. dxc5 Nxc5 21. Qe3 Kg7 22. h4 {White didn't achieve anything and is a pawn down for no play at all.} Qd6 23. Rc1 Nd7 24. Raa1 Rxc1+ 25. Rxc1 Bc5 26. Qc3 a4 {The black passer is going fast.} 27. Qa1 a3 28. Rd1 Qc7 29. h5 h6 30. Rc1 Qb6 31. e3 Rb8 32. Bf1 Bxe3 $1 {A final detail. The game is over now.} 33. Rc2 (33. fxe3 Qxe3+ 34. Kg2 Rb2+ {wins.}) 33... Bc5 34. Rd2 Qb1 0-1

[Event "RUS-ch Higher League 62nd"]
[Site "Ulan-Ude"]
[Date "2009.09.04"]
[Round "3"]
[White "Vitiugov, Nikita"]
[Black "Galkin, Alexander"]
[Result "0-1"]
[WhiteElo "2681"]
[BlackElo "2608"]
[PlyCount "66"]
[EventDate "2009.09.02"]
[EventType "swiss"]
[EventRounds "11"]
[EventCountry "RUS"]
[SourceTitle "CBM 132"]
[Source "ChessBase"]
[SourceDate "2009.09.16"]
[SourceVersion "1"]
[SourceVersionDate "2009.09.16"]
[SourceQuality "1"]

1. Nf3 {Aronian,Levon} d5 2. c4 e6 3. d4 Nf6 4. Bg5 h6 5. Bxf6 Qxf6 6. Nbd2 Nd7 ({RR} 6... g6 7. Qc2 Qe7 8. g3 Bg7 9. Bg2 O-O 10. Rc1 c5 11. cxd5 cxd4 12. Qxc8 Rxc8 13. Rxc8+ Kh7 14. h4 Bf6 15. Ne4 exd5 16. Nxf6+ Qxf6 17. O-O Kg7 18. Rfc1 d3 19. exd3 Qxb2 20. Re1 Qxa2 21. g4 {Bu Xiangzhi (2676)-Hovhannisyan,R (2607) Benasque ESP 2023 1-0 (39)}) 7. g3 ({RR} 7. Rc1 c6 8. a3 g5 9. h3 ({RR} 9. e3 Bg7) ({RR} 9. e4 g4 10. e5 Qd8 ({RR} 10... Qf5 11. Ng1 ({RR} 11. Nh4 Qf4 12. Nb3 Be7) 11... c5 12. cxd5 cxd4 13. dxe6 Qxe5+ 14. Qe2 fxe6) 11. Ng1 Qb6 12. Nb3 a5 ({RR} 12... c5 13. Bd3 cxd4 14. f4) 13. c5 Qd8 14. Nd2 Rg8) 9... h5 10. cxd5 ({RR} 10. e4 g4 11. e5 Qg7) 10... exd5 11. e4 g4 12. e5 Qg7 13. Nh4 Qg5 14. g3 f6 15. e6 Nb6 16. Rc3 ({RR} 16. Bd3 Bxe6 17. Ng6 Rg8) 16... Bxe6 17. Re3 Kd7 ({RR} 17... Qg8 18. Ng6 Bh6 ({RR} 18... Qxg6 19. Bd3 f5 20. hxg4) 19. Nxh8 Bxe3 20. fxe3 Qxh8 21. hxg4 Qg7 22. g5) 18. Bd3 Re8 ({RR} 18... Nc4 19. Bxc4 dxc4 20. Ne4 Qa5+ 21. Kf1) ({RR} 18... Bd6 19. Rxe6 Kxe6 20. Nf5 Kd7) 19. Ng6 Rg8 ({RR} 19... Nc4 20. h4 Qh6 ({RR} 20... Nxe3 21. Qb3 Qh6 22. Qxb7+ Kd6 23. Nxh8) 21. Nxc4 dxc4 22. d5) 20. Nf4 Bh6 ({RR} 20... Bf7 21. Rxe8 Kxe8 22. hxg4 Qxg4 23. Be2 Qd7 24. Bxh5 Bd6) 21. Bh7 Rgf8 {Aronian,L (2739)-Anand,V (2799) Nice 2008 CBM 123 Extra [Aronian,Levon] 1-0 (50)} ({RR} 21... Rg7 22. h4 Qxf4 23. gxf4 Rxh7 24. Nb3) {RR} 22. Bg6 Bf7 23. h4 Qxg6 24. Nxg6 Bxg6) 7... dxc4 8. Qa4 c5 $146 ({RR} 8... Be7 9. Qxc4 c5 10. Bg2 O-O 11. Ne4 Qf5 12. dxc5 Nxc5 13. Nxc5 Qxc5 14. Qxc5 Bxc5 15. O-O Bd7 16. Rac1 Bb6 17. Ne5 Bb5 18. Bxb7 Rad8 19. Rc2 f6 20. Ng6 Rfe8 21. Rfc1 Kh7 22. Nf4 g5 23. Ng2 {Matlakov,M (2533)-Yevseev,D (2529) St Petersburg 2009 1-0 (51)}) 9. Bg2 cxd4 10. O-O Bc5 11. Qxc4 Bb6 12. Ne4 Qe7 13. Nxd4 O-O 14. Rfd1 Ne5 15. Qb5 Ng4 16. Nb3 f5 17. Nec5 f4 18. Bf3 e5 19. a4 fxg3 20. hxg3 Nxf2 21. Kxf2 e4 22. a5 exf3 23. exf3 Bc7 24. Qc4+ Kh8 25. Nd4 Qe5 26. f4 Bg4 27. Nce6 Bxa5 28. Nxf8 Rxf8 29. Rd3 Bb6 30. Re1 Qh5 31. Kg1 Rd8 32. Re5 Qh3 33. Qa4 Bd7 0-1